00270 a2200121 450000100060000002000180000604000240002424000290004824500240007730000070010136200090010865000310011747456 a9788596000086 cAnchieta - Aquarius10aComo mudar o mundo?lpor10aComo mudar o mundo? a930 a2015 4aLiteratura infanto-juvenil